Responses for show #4245 - Friday, January 31, 2003

Jackie Harrison game 4.

Contestants

Nikki Lindsey, a history teacher and graduate student from Urbana, Illinois

Victor Fernandez, a nonprofit professional from Miami, Florida

Jackie Harrison, a surgeon from Chicago, Illinois (whose 3-day cash winnings total $55,602)

Jeopardy! Round responses

WORLD MYTHS & LEGENDS
RANCHES
WHICH CABINET DEPARTMENT?
'80s ROCK
MAMA & PAPAYA
THE JAMES GANG
    $200 5
fire

Nikki
    $200 20
(Nikki: What is Argentina?)

Australia

JackieNikki
    $200 12
State Department

Nikki
    $200 1
"Like A Virgin"

Nikki
    $200 11
papaya seeds

Nikki
    $400 6
John Henry

Nikki
    $400 21
Crawford

Nikki
    $400 13
Department of Labor

Victor
    $400 2
Band Aid

Nikki
    $400 18
pawpaw

Triple Stumper
    $400 17
(Nikki: Who is James I?)

James II

VictorNikki
    $600 7
Adam

Jackie
    $800 22
(Alex: Merino wool.)

sheep rancher

Nikki
    $600 14
Treasury Department

Nikki
    $600 3
(Jackie: What is "Dancing in the Dark?")

"Glory Days"

Jackie
Triple Stumper
    $600 19
by sex

Jackie
    $800 9
King Lear

Victor
    $800 23
(Alex: We have less than a minute to go now.)

buffalo

Triple Stumper
    $800 15
(Nikki: What is the Department of Treasury?)
(Victor: What is the Department of Interior?)

Justice Department

VictorNikki
Triple Stumper
    $800 4
R.E.M.

Victor
    $800 27
meat tenderizer

Jackie
    $800 25
James Watt

Triple Stumper
    $1000 10
(Jackie: What is a dryad?)

nymph

JackieVictor
    $1000 24
Hidden Valley

Nikki
    $1000 16
Department of the Interior

Victor
    $1000 8
(Jackie: What are the Thompson Twins?)

The Human League

JackieNikki
    $1000 28
[buzzer sounds to end the round]

chutney

Jackie
    $1000 26
James Levine

Triple Stumper

Scores at the first commercial break (after clue 16):

Jackie Victor Nikki
-$2,000 $3,200 $2,400

Scores at the end of the Jeopardy! Round:

Jackie Victor Nikki
$600 $3,600 $4,000

Double Jeopardy! Round responses

"B" IN GEOGRAPHY
(Alex: That's not a bad grade!)
LETTER HISTORIES
MANY MOONS
VAUDEVILLE
THE LINCOLN LOG
FROM THE FRENCH
    $400 1
Barcelona

Jackie
    $400 6
(Nikki: What is omega?)

zeta

VictorNikki
    $400 26
(Nikki: What is Venus?)

Earth

JackieNikki
    $400 21
variety

Triple Stumper
    $400 14
February

Nikki
    $400 11
charge

Victor
    $800 2
(Jackie: What is Bogota?)

Buenos Aires

JackieVictor
    $800 7
J

Jackie
    $800 27
Galileo

Jackie
    $800 22
(Victor: What is a potato sack?)

trunk

Victor
Triple Stumper
    $800 15
Illinois

Jackie
    $800 12
derailleur

Triple Stumper
    $1200 3
Bay of Biscay

Victor
    $1200 8
Q

Jackie
    $2,700 28
(Jackie: What is Jupiter?)

Pluto

Jackie
    $1200 23
the "Big Time"

Jackie
    $1200 16
Todd

Victor
    $1200 13
pere

Jackie
    $1600 4
Beijing

Nikki
    $1600 9
W

Jackie
    $1600 29
[buzzer sounds to end the round]

Mars

Nikki
    $2,000 24
(Jackie: What is Carnegie Hall?)

the Palace

Jackie
    $1600 19
Mathew Brady

Nikki
    $1600 17
quadrille

Triple Stumper
    $2000 5
(Jackie: What is Belgrade?)

Bratislava

JackieVictor
    $2000 10
K

Victor
    $2000 25
(Alex: Minute to go.)

"Wanna buy a duck?"

Triple Stumper
    $2000 20
Hannibal Hamlin

Jackie
    $2000 18
abattoir

Jackie

Scores at the end of the Double Jeopardy! Round:

Jackie Victor Nikki
$5,500 $10,800 $8,400

[wagering suggestions for these scores]

Final Jeopardy! Round responses

AUTHORS
(Alex: Jackie, you managed to eke out a victory today; it was very, very tough & you get to relax for two weeks because as I mentioned earlier, the teens are here on Monday.)
JackieWho is Waller
$5,500
NikkiWho is Robert James Lowell
$8,350
VictorWho is King?
$6,001
Robert James Waller (author of "The Bridges of Madison County")

Final scores:

Jackie Victor Nikki
$11,000 $4,799 $50
4-day champion: $66,602 2nd place: $2,000 3rd place: $1,000

Game dynamics:

Coryat scores:

Jackie Victor Nikki
$10,200 $10,800 $8,200
16 R,
7 W
(including 2 DDs)
13 R,
2 W
15 R
(including 1 DD),
5 W

Combined Coryat: $29,200

The J! Archive is created by fans, for fans. The Jeopardy! game show and all elements thereof, including but not limited to copyright and trademark thereto, are the property of Jeopardy Productions, Inc. and are protected under law. This website is not affiliated with, sponsored by, or operated by Jeopardy Productions, Inc. Join the discussion at JBoard.tv.